000 00754nam a2200265 a 4500
001 72701
003 BD-RjUL
005 20211209082311.0
008 170522s1969 paua b 001 0 eng
020 _a0812101936
035 _a(BD-RjUL)72919
040 _aLC
_beng
_cLC
_dBD-RjUL
041 _aeng
082 0 4 _a572.8
_223
_bPRC 1969
100 1 _aPriest, Jean H.,
_d1928-
_9215052
245 1 0 _aCytogenetics /
_cby Jean H. Priest.
260 _aPhiladelphia,
_bLea & Febiger,
_cc1969.
300 _axv, 233 p. :
_bill. ;
_c27 cm.
504 _aIncludes bibliography and index
650 0 _aCytogenetics
_9215054
650 0 _aHuman chromosomes.
_9215055
942 _2ddc
_cBK
999 _c72701
_d72701